000 00512nam a2200181Ia 4500
003 GCL
008 140319s9999 xx 000 0 eng d
040 _aGCL /
_cGCL
082 0 4 _a005.1092
_bD D
100 1 _aDELLMANN, TERRY
245 1 0 _aDOS PROGRAMMER'S REFERENCE, 3rd ed. /
_cDELLMANN, TERRY
260 _a[S.N] :
_bQUE CORPORATION ،
_c1992
300 _a1062 P
650 0 4 _aCOMPUTER PROGRM
650 0 4 _aDOS DEVICE DRIVERS (COMPUTER PROGRAM )
650 0 4 _aCOMPUTER - PROGRAMMERS
942 _2ddc
_cBK
999 _c10600
_d10600